Statistics for flowers

Click here to take the quiz!

General Stats

  • This quiz has been taken 10 times
  • The average score is 2 of 6

Answer Stats

HintAnswer% Correct
can prick yourose
100%
yellow flowerdaffodil
44%
brass type goes ding-dongblue bell
33%
flower that can be different colorsdaisy
11%
looks like person shruggingviolet
11%
named after shoeladies slipper
0%

Score Distribution

Percentile by Number Answered

Percent of People with Each Score

Your Score History

You have not taken this quiz